Merecido tributo
Guardado en:
| 主要作者: | |
|---|---|
| 格式: | 圖書 |
| 語言: | Undetermined |
| 出版: |
Managua, Nicaragua
Peña Pobre
1994
|
| 主題: | |
| 標簽: |
添加標簽
沒有標簽, 成為第一個標記此記錄!
|
MARC
| LEADER | 00000nam a2200000Ia 4500 | ||
|---|---|---|---|
| 008 | 170316s9999 xx 000 0 und d | ||
| 040 | |a cru BVZT | ||
| 090 | |a 860 B-35.1m | ||
| 100 | |a Bravo, Alejandro |9 1280 | ||
| 245 | |a Merecido tributo |c / Alejandro Bravo | ||
| 260 | |a Managua, Nicaragua |b Peña Pobre |c 1994 | ||
| 300 | |a 49 páginas | ||
| 650 | |a LITERATURA LATINOAMERICANA |9 15 | ||
| 999 | |c 8458 |d 8458 | ||
| 942 | |c 15 D |h 860 B-35.1m |2 z | ||
